00659nam a2200241 a 4500001001300000003000900013005001700022008004100039020001000080082001600090100002500106245002700131260003300158300000900191500003500200505001000235650002200245700002500267902000800292942000700300952009500307999001500402nice12345678IN_TiNIC20260116011553.0050524s1901 edia grp 000 0 eng  ac10000a297.63bJOH aJohnstone, P De Lacy aMuhammad and His Power aEdinburghbT & T Clarkc1901 a238p aincludes index and biblioraphy2 aIndex aMuhammad, Prophet1 aJohnstone, P De Lacy bSRS cBK 00104070aHMIbHMId2007-07-10g100.00l0o297.63 JOHp1067r2007-07-10w2026-01-16yEB c2674d2674